000 00544nam a2200229Ia 4500
003 OSt
005 20221005123404.0
006 a|||||r|||| 00| 0
007 ta
008 221004b |||||||| |||| 00| 0 eng d
024 _a103607
037 _cTextual
040 _aCRL
_cCRL
_beng
041 _2eng
_aeng
082 _aCPB31, M7
245 0 _aLectures
_b V school on neutron Physics
260 _c1987
500 _aDSK Collection
650 _aPHYSICS
942 _hCPB31, M7
_cTEXL
_2cc
999 _c1047282
_d1047282